000 004640000a22001810004500
003 MACL
005 20151227134810.0
008 151227b xxu||||| |||| 00| 0 eng d
040 _aMACL
_cmacl
041 _aEnglish
082 _a010/GUP
100 _aGupta, A K Das
_923237
245 _aAn Essay in Personal Bibliography
_bvol 2
260 _bAsia Publishing House
_c1926
_aBombay
350 _a50
650 _aBibliography
_915346
942 _cBK
_k010/GUP
_2ddc
999 _c39465
_d39465